000 00723nam a2200181 i 4500
001 190185
003 ES-MaACL
005 20251003063206.0
008 200909s1882 sp |||| | spa d
100 1 _aGaragarza y Dugiols, Fausto,
_d1833-1905
_9170298
245 1 0 _aDiscurso leido en la Universidad Central en la solemne inauguración del curso académico de 1882 a 1883 por el doctor don Fausto Garagarza y Dugiols.
260 _aMadrid :
_b[s.n.],
_c1882 (
_fEst. Tip. "El Porvenir Literario")
300 _a65 p. ;
_c27 cm.
500 _aTema: Desarrollo del método experimental en las ciencias.
650 7 _aCiencia-
_xExperimentos
_2
_9170299
852 _aES-MaACL
_jT-659-F-6
999 _c190185
_d190185